| 000 | 00666nam a2200193 a 4500 | ||
|---|---|---|---|
| 001 | 000009195 | ||
| 003 | AM-YEHGA | ||
| 005 | 20250618070716.0 | ||
| 008 | 030206s2002 cau 000 | arm d | ||
| 040 | _aAM-YeHGA | ||
| 041 | 0 | _aarm | |
| 100 | 1 |
_aՍողոմոնյան, Լևոն Հովակիմի, _d1930- _91742 |
|
| 245 | 1 | 0 |
_aՀետաքրքրաշարժ խաղեր և առաջադրանքներ / _cԼ. Սողոմոնյան. |
| 260 |
_aԼոս Անջելես : _bՆովել, _c2002. |
||
| 300 |
_a778 էջ : _b1 թ. դիմանկ., նկ., աղյս. ; _c20 սմ. |
||
| 650 | 1 | 4 | _aՄասսայական զվարճալիքներ, խաղեր |
| 942 | _cBK | ||
| 090 | _c2246 | ||
| 999 |
_c2226 _d2226 |
||